[Event "?"]
[Site "?"]
[Date "2019.01.05"]
[Round "5.16"]
[White "Walisch, Wilfried"]
[Black "Dreiseitel, Ursula"]
[Result "1/2-1/2"]
[WhiteElo "1126"]
[BlackElo "1478"]
[PlyCount "112"]
[EventDate "2019.??.??"]
[WhiteTeam "SW Nürnberg Süd"]
[BlackTeam "SW Nürnberg Süd"]

1. c4 Nf6 2. g3 c6 3. Bg2 d5 4. cxd5 cxd5 5. d4 e6 6. Nc3 Nc6 7. Nf3 Bd6 8. O-O
O-O 9. a3 a6 10. Re1 Bd7 11. Bg5 h6 12. Bxf6 Qxf6 13. e3 Rfe8 14. Na4 Qd8 15.
Rc1 Na7 16. Nc5 Bc8 17. Qb3 b6 18. Nd3 Bb7 19. Rc3 Nc6 20. Qc2 Rc8 21. Rc1 a5
22. Nfe5 Nxe5 23. Nxe5 Rxc3 24. Qxc3 Bxe5 25. dxe5 Qd7 26. Qc7 Qxc7 27. Rxc7
Rb8 28. Bf3 Ba6 29. Bh5 g6 30. Bd1 Bd3 31. Bb3 Ba6 32. Kg2 Rc8 33. Rxc8+ Bxc8
34. Kf3 Kf8 35. Ke2 Ba6+ 36. Kd2 Ke7 37. Kc3 Kd7 38. Kd4 Kc6 39. e4 dxe4 40.
Kxe4 Kc5 41. f4 Bb7+ 42. Ke3 b5 43. Kd3 a4 44. Ba2 Bg2 45. Kc3 Bf1 46. b3 axb3
47. Bxb3 Be2 48. Ba2 Bd1 49. Bb3 Bxb3 50. Kxb3 g5 51. Kc3 g4 52. Kb3 h5 53. Kc3
Kc6 54. Kb4 Kb6 55. Kc3 Kc5 56. Kb3 Kc6 1/2-1/2

[Event "?"]
[Site "?"]
[Date "2019.01.05"]
[Round "5.17"]
[White "Lingl, Peter"]
[Black "Mankus, Siegfried"]
[Result "1-0"]
[WhiteElo "1563"]
[BlackElo "1511"]
[PlyCount "61"]
[EventDate "2019.??.??"]
[WhiteTeam "SC JÄKLECHEMIE"]
[BlackTeam "Zabo-Eintracht Nürnberg"]

1. e4 e6 2. d4 d5 3. Nc3 Bb4 4. Qg4 Ne7 5. e5 O-O 6. Bd3 Nf5 7. Nf3 f6 8. exf6
Rxf6 9. Bg5 Rg6 10. h4 Be7 11. Ne5 Rxg5 12. hxg5 Bxg5 13. f4 Bh4+ 14. Kd2 Bf6
15. Rh3 Bxe5 16. fxe5 Qe7 17. Rah1 g6 18. Rxh7 Qxh7 19. Rxh7 Kxh7 20. Qg5 Nc6
21. Ne2 Bd7 22. c3 Rg8 23. Kc2 Rg7 24. Nf4 Be8 25. Nxe6 Re7 26. Nf4 Rg7 27.
Nxd5 Rf7 28. Nf6+ Rxf6 29. exf6 Bf7 30. Bxf5 gxf5 31. Qg7# 1-0

[Event "?"]
[Site "?"]
[Date "2019.01.05"]
[Round "5.18"]
[White "Schiesser, Desider"]
[Black "Barnowski, Roman"]
[Result "0-1"]
[WhiteElo "1460"]
[BlackElo "1382"]
[PlyCount "58"]
[EventDate "2019.??.??"]
[WhiteTeam "SW Nürnberg Süd"]
[BlackTeam "SW Nürnberg Süd"]

1. e4 c5 2. Bc4 a6 3. a4 Nc6 4. c3 Nf6 5. d3 e6 6. Nf3 d5 7. exd5 exd5 8. Ba2
Be7 9. Na3 O-O 10. Be3 Re8 11. Nc2 Ng4 12. Qd2 Nxe3 13. fxe3 Bf6 14. O-O-O b5
15. axb5 axb5 16. Bb1 Be6 17. h3 c4 18. Nfd4 Na5 19. Qe2 Bf5 20. Nb4 Bxd4 21.
cxd4 Nb3+ 22. Kc2 Nxd4+ 23. Kd2 Nxe2 24. Kxe2 Qd6 25. Na2 Qe5 26. e4 dxe4 27.
d4 Qg3 28. Rhg1 e3 29. Bxf5 Qf2# 0-1

[Event "?"]
[Site "?"]
[Date "2019.01.06"]
[Round "6.1"]
[White "Kocak, Ediz"]
[Black "Petrashov, Alexander"]
[Result "1-0"]
[WhiteElo "1817"]
[BlackElo "1979"]
[PlyCount "175"]
[EventDate "2019.??.??"]
[WhiteTeam "SW Nürnberg Süd"]
[BlackTeam "SC Noris-Tarrasch Nürnberg"]

1. e4 e6 2. Nf3 d5 3. Nc3 Nf6 4. e5 Nfd7 5. d4 c5 6. dxc5 Bxc5 7. Bd3 Nc6 8.
Bf4 h6 9. h3 Qc7 10. Qe2 a6 11. O-O Nd4 12. Nxd4 Bxd4 13. Rfe1 b6 14. Qg4 Bb7
15. Bg3 Bxc3 16. bxc3 g5 17. Qb4 O-O-O 18. a4 Qc5 19. a5 b5 20. Kf1 Rdg8 21. f3
h5 22. Bf2 Qxb4 23. cxb4 g4 24. f4 Rh6 25. Bh4 Nb8 26. Bg5 Rhh8 27. Bf6 Rh6 28.
Bg5 Rhh8 29. Bf6 Rh6 30. h4 Nc6 31. Bg5 Rhh8 32. Bf6 Rh6 33. Rab1 Nd4 34. Bg5
Rhh8 35. Bf6 Rh6 36. Kf2 Kd7 37. Bg5 Rhh8 38. Bf6 Rh6 39. Re3 Nf5 40. Bxf5 exf5
41. Rc3 Rhg6 42. g3 Rc8 43. Rxc8 Bxc8 44. Ke3 Rg8 45. Rb3 Bb7 46. Rc3 Ra8 47.
Kd4 Re8 48. Kc5 Re6 49. Bg7 Rc6+ 50. Kd4 Rc4+ 51. Rxc4 bxc4 52. Kc5 Bc6 53. Bf8
Kc7 54. Bd6+ Kd7 55. Bb8 Bb7 56. c3 Bc6 57. b5 axb5 58. a6 Ba8 59. Kxb5 Kc8 60.
Bd6 Kd7 61. Kb6 Kc8 62. Ka7 Bc6 63. Bc5 Kc7 64. Bb6+ Kc8 65. Ba5 Bd7 66. Kb6
Kb8 67. a7+ Ka8 68. Kc7 Ba4 69. Bb6 Bc2 70. Kd7 Kb7 71. Ke7 d4 72. Bxd4 Be4 73.
Kxf7 Kc7 74. e6 Bd5 75. Kf8 Bxe6 76. a8=Q Kd7 77. Qe8+ Kd6 78. Be5+ Kd5 79.
Qa8+ Kc5 80. Qa5+ Kc6 81. Ke7 Bd5 82. Qa8+ Kc5 83. Bd6+ Kb6 84. Qxd5 Ka7 85.
Qb5 Ka8 86. Kd7 Ka7 87. Kc7 Ka8 88. Qa4# 1-0

[Event "?"]
[Site "?"]
[Date "2019.01.06"]
[Round "6.2"]
[White "Erlbeck, Peter"]
[Black "Wagner, Alexander"]
[Result "1-0"]
[WhiteElo "2061"]
[BlackElo "1884"]
[PlyCount "21"]
[EventDate "2019.??.??"]
[WhiteTeam "SW Nürnberg Süd"]
[BlackTeam "SW Nürnberg Süd"]

1. f4 d5 2. b3 Nf6 3. Bb2 Bf5 4. Nf3 e6 5. e3 Be7 6. Be2 O-O 7. O-O c5 8. Ne5
Nc6 9. Nxc6 bxc6 10. g4 Bg6 11. f5 1-0

[Event "?"]
[Site "?"]
[Date "2019.01.06"]
[Round "6.3"]
[White "Saathoff, Richard"]
[Black "Hahn, Thomas"]
[Result "0-1"]
[WhiteElo "2135"]
[BlackElo "1821"]
[PlyCount "52"]
[EventDate "2019.??.??"]
[WhiteTeam "SW Nürnberg Süd"]
[BlackTeam "Zabo-Eintracht Nürnberg"]

1. e4 c5 2. Nf3 d6 3. d4 cxd4 4. Nxd4 Nf6 5. Nc3 g6 6. Be3 Bg7 7. f3 Bd7 8. Qd2
Nc6 9. Bc4 O-O 10. O-O-O Rc8 11. Bb3 Ne5 12. Kb1 Nc4 13. Bxc4 Rxc4 14. h4 b5
15. h5 b4 16. Nce2 e5 17. Nb3 a5 18. Qxd6 Rc6 19. Qd2 Qc7 20. g4 Rc8 21. Na1
Be6 22. hxg6 fxg6 23. Ng3 a4 24. Qxb4 Rb8 25. Qxa4 Qb7 26. Nb3 Ra6 0-1

[Event "?"]
[Site "?"]
[Date "2019.01.06"]
[Round "6.4"]
[White "Birkner, Mattias"]
[Black "Müller, Lothar"]
[Result "1/2-1/2"]
[WhiteElo "1890"]
[BlackElo "1868"]
[PlyCount "28"]
[EventDate "2019.??.??"]
[WhiteTeam "SK Neumarkt"]
[BlackTeam "SK Neumarkt"]

1. e4 c5 2. Nf3 d6 3. d4 cxd4 4. Nxd4 Nf6 5. Nc3 a6 6. Be2 e5 7. Nb3 Be6 8. Bg5
Nbd7 9. Qd2 Be7 10. Bf3 Rc8 11. O-O-O O-O 12. h3 b5 13. Kb1 b4 14. Ne2 a5
1/2-1/2

[Event "?"]
[Site "?"]
[Date "2019.01.06"]
[Round "6.5"]
[White "Pörzgen, Michael"]
[Black "Süß, Helmut"]
[Result "1/2-1/2"]
[WhiteElo "1656"]
[BlackElo "1871"]
[PlyCount "23"]
[EventDate "2019.??.??"]
[WhiteTeam "SW Nürnberg Süd"]
[BlackTeam "SC Noris-Tarrasch Nürnberg"]

1. e4 c6 2. d4 d5 3. exd5 cxd5 4. c4 Nf6 5. Nc3 Nc6 6. Bg5 Be6 7. Nf3 Qa5 8.
Qb3 Qb4 9. Qxb4 Nxb4 10. Rc1 dxc4 11. Ne5 Rc8 12. a3 1/2-1/2

[Event "?"]
[Site "?"]
[Date "2019.01.06"]
[Round "6.6"]
[White "Dyroff, Roland"]
[Black "Danninger, Hugo"]
[Result "1-0"]
[WhiteElo "1694"]
[BlackElo "1803"]
[PlyCount "61"]
[EventDate "2019.??.??"]
[WhiteTeam "SW Nürnberg Süd"]
[BlackTeam "Zabo-Eintracht Nürnberg"]

1. e4 e6 2. d4 d5 3. Nd2 Nf6 4. e5 Nfd7 5. Ndf3 c5 6. c3 Qb6 7. Bd3 Nc6 8. Ne2
h6 9. O-O Be7 10. Bb1 Nf8 11. a4 Bd7 12. dxc5 Bxc5 13. b4 Be7 14. Bd3 f6 15.
Bf4 g5 16. a5 Qd8 17. exf6 Bxf6 18. Bd6 Ne7 19. Ne5 Bxe5 20. Bxe5 Rg8 21. Ng3
Nf5 22. Qh5+ Rg6 23. Rae1 Kf7 24. Ne2 Nh7 25. g4 Nf6 26. Bxf6 Qxf6 27. gxf5
exf5 28. Qf3 Be6 29. Nd4 g4 30. Qf4 g3 31. fxg3 1-0

[Event "?"]
[Site "?"]
[Date "2019.01.06"]
[Round "6.8"]
[White "Albayrak, Aylin"]
[Black "Walch, Roger"]
[Result "0-1"]
[WhiteElo "1686"]
[BlackElo "1698"]
[PlyCount "36"]
[EventDate "2019.??.??"]
[WhiteTeam "Zabo-Eintracht Nürnberg"]
[BlackTeam "SW Nürnberg Süd"]

1. d4 Nf6 2. c4 e6 3. Nf3 Be7 4. Nc3 d5 5. Bf4 Nbd7 6. e3 b6 7. Nb5 Bb4+ 8. Nd2
e5 9. dxe5 Ne4 10. e6 Bxd2+ 11. Ke2 fxe6 12. Nxc7+ Kf7 13. cxd5 e5 14. Ne6 Qf6
15. Qa4 Ndc5 16. Qc6 Nxe6 17. Qxa8 Nxf4+ 18. exf4 Ba6+ 0-1

[Event "?"]
[Site "?"]
[Date "2019.01.06"]
[Round "6.9"]
[White "Babichev, Vyacheslav"]
[Black "Wettermann, Bernd"]
[Result "0-1"]
[WhiteElo "1835"]
[BlackElo "1752"]
[PlyCount "134"]
[EventDate "2019.??.??"]
[WhiteTeam "SW Nürnberg Süd"]
[BlackTeam "Zabo-Eintracht Nürnberg"]

1. Nf3 d5 2. d4 e6 3. g3 Nf6 4. Bg2 c5 5. c3 Nc6 6. Bg5 Qb6 7. Qb3 Ne4 8. Be3
Qa6 9. Qc2 b5 10. Nfd2 cxd4 11. cxd4 Nd6 12. O-O Bd7 13. Nb3 Nc4 14. Bc1 Rc8
15. Qd1 Qb6 16. a3 a5 17. e3 Be7 18. N3d2 O-O 19. Nxc4 dxc4 20. Nd2 Na7 21. Ne4
Bc6 22. f3 Rfd8 23. Qc2 Bd5 24. Nc3 Bb7 25. Ne2 b4 26. Rb1 Nb5 27. a4 b3 28.
Qd1 Nc7 29. e4 e5 30. Be3 exd4 31. Bf2 Bc5 32. Qc1 Ba6 33. Bh3 Ne6 34. Bxe6
fxe6 35. Kg2 c3 36. Re1 d3 37. Bxc5 Qxc5 38. Qxc3 dxe2 39. Qxb3 Bc4 40. Qc3 Rd3
41. Qc2 Rdd8 42. Rbc1 Qb4 43. Qb1 Rd2 44. b3 Ba6 45. Rxc8+ Bxc8 46. Qc1 Ba6 47.
Qc6 Rd8 48. Qxe6+ Kh8 49. Kf2 Qd6 50. Qf5 Qb6+ 51. Kg2 Qb8 52. Kf2 Rd1 53. Rxe2
Qb6+ 54. Kg2 Qg1+ 55. Kh3 Rd8 56. Qxa5 Bc8+ 57. g4 Rf8 58. Qc3 Qf1+ 59. Kg3
Qxe2 60. b4 Bxg4 61. Kxg4 h5+ 62. Kg3 h4+ 63. Kg4 Qxh2 64. Kg5 Qf4+ 65. Kh5 Kh7
66. Qc6 Rf6 67. Qxf6 gxf6 0-1

[Event "?"]
[Site "?"]
[Date "2019.01.06"]
[Round "6.10"]
[White "Mantel, Hubert"]
[Black "Müller, Ludwig"]
[Result "1-0"]
[WhiteElo "1744"]
[BlackElo "1799"]
[PlyCount "57"]
[EventDate "2019.??.??"]
[WhiteTeam "SC Noris-Tarrasch Nürnberg"]
[BlackTeam "SGem Nürnberg"]

1. e4 c5 2. Nc3 Nc6 3. g3 g6 4. Bg2 Bg7 5. d3 d6 6. Be3 Nf6 7. h3 a6 8. Qd2 O-O
9. Bh6 Nd4 10. Bxg7 Kxg7 11. Nf3 e5 12. O-O Bxh3 13. Nxd4 cxd4 14. Bxh3 dxc3
15. bxc3 b5 16. Kg2 h5 17. f4 Nh7 18. f5 Qg5 19. f6+ Kg8 20. Qf2 h4 21. Bd7
hxg3 22. Qxg3 Qxg3+ 23. Kxg3 Ra7 24. Bc6 Rc7 25. Bd5 Rxc3 26. Rf2 b4 27. Rh1
Rc7 28. Rh6 Nxf6 29. Rxg6+ 1-0

[Event "?"]
[Site "?"]
[Date "2019.01.06"]
[Round "6.11"]
[White "Bogendörfer, Ralf"]
[Black "Dreiseitel, Werner"]
[Result "1/2-1/2"]
[WhiteElo "1543"]
[BlackElo "1563"]
[PlyCount "43"]
[EventDate "2019.??.??"]
[WhiteTeam "SC JÄKLECHEMIE"]
[BlackTeam "SW Nürnberg Süd"]

1. d4 d5 2. c4 c6 3. Nc3 Nf6 4. cxd5 Nxd5 5. Nxd5 Qxd5 6. Nf3 Nd7 7. e3 Nf6 8.
Be2 Bf5 9. O-O h6 10. Ne5 e6 11. f3 Bh7 12. e4 Qa5 13. Be3 Be7 14. Qb3 Qc7 15.
Nc4 O-O 16. Qc3 Rac8 17. Kh1 c5 18. dxc5 Bxc5 19. Qb3 b6 20. Bxc5 Qxc5 21. Qe3
Nd7 22. Qxc5 1/2-1/2

[Event "?"]
[Site "?"]
[Date "2019.01.06"]
[Round "6.12"]
[White "Ott, Hans"]
[Black "Merdian, Nick"]
[Result "0-1"]
[WhiteElo "1553"]
[BlackElo "1640"]
[PlyCount "52"]
[EventDate "2019.??.??"]
[WhiteTeam "Zabo-Eintracht Nürnberg"]
[BlackTeam "SC Postbauer-Heng"]

1. e4 c5 2. Nf3 d6 3. d4 cxd4 4. Nxd4 Nf6 5. Nc3 g6 6. Be2 Nc6 7. O-O Bg7 8. f4
O-O 9. Be3 a6 10. Qd2 Qc7 11. Nd5 Nxd5 12. exd5 Nxd4 13. Bxd4 Bxd4+ 14. Qxd4
Qxc2 15. Bf3 Qf5 16. Rac1 Qd7 17. Rc3 Qb5 18. Rc7 Re8 19. Re1 Bd7 20. Qf2 Rad8
21. a4 Qxa4 22. Rxb7 Qxf4 23. Qb6 Qa4 24. Rxe7 Rxe7 25. Qxd8+ Re8 26. Qxd7 Qa1+
0-1

[Event "?"]
[Site "?"]
[Date "2019.01.06"]
[Round "6.13"]
[White "Dreiseitel, Ursula"]
[Black "Nüßlein, Christian"]
[Result "0-1"]
[WhiteElo "1478"]
[BlackElo "1892"]
[PlyCount "86"]
[EventDate "2019.??.??"]
[WhiteTeam "SW Nürnberg Süd"]
[BlackTeam "SGem Nürnberg"]

1. d4 Nf6 2. Bf4 g6 3. Nf3 Bg7 4. e3 O-O 5. Bd3 d6 6. O-O Nbd7 7. c3 c5 8. Re1
cxd4 9. exd4 Nd5 10. Bg5 N7f6 11. Qc1 Re8 12. Bh6 Bh8 13. h3 Qc7 14. Qg5 e6 15.
Nbd2 Qe7 16. Re2 Nh5 17. Qxe7 Rxe7 18. Rae1 Nhf4 19. Bxf4 Nxf4 20. Re3 Nxd3 21.
Rxd3 Bd7 22. Ne4 Bb5 23. Rde3 Rd8 24. Neg5 Bg7 25. d5 e5 26. Ne4 b6 27. b3 Bh6
28. Nfg5 Bd7 29. Nf6+ Kg7 30. Nxd7 Bxg5 31. Nxe5 Rxe5 32. Rxe5 dxe5 33. Rxe5
Bf6 34. Re3 Rxd5 35. c4 Rd2 36. a4 Bd4 37. Rf3 f5 38. g4 Kf6 39. gxf5 gxf5 40.
Kg2 Ke5 41. Kg3 Rb2 42. h4 h5 43. Kg2 f4 0-1

[Event "?"]
[Site "?"]
[Date "2019.01.06"]
[Round "6.14"]
[White "Scheitler, Wolfgang"]
[Black "Majid, Hakim"]
[Result "0-1"]
[WhiteElo "1542"]
[BlackElo "1472"]
[PlyCount "110"]
[EventDate "2019.??.??"]
[WhiteTeam "SW Nürnberg Süd"]
[BlackTeam "SW Nürnberg Süd"]

1. e4 e5 2. Nf3 d6 3. Bc4 Be7 4. d3 Nf6 5. c3 c6 6. O-O Nbd7 7. Qb3 O-O 8. Ng5
d5 9. exd5 Nxd5 10. Nxf7 Rxf7 11. Bxd5 cxd5 12. Qxd5 Nc5 13. Qxd8+ Bxd8 14. d4
exd4 15. cxd4 Ne6 16. Be3 Bf6 17. Nc3 Bxd4 18. Rac1 Bxe3 19. fxe3 Rxf1+ 20.
Kxf1 Ng5 21. Nd5 Be6 22. Nc7 Rf8+ 23. Ke1 Bxa2 24. Ra1 Bc4 25. Rxa7 Rf1+ 26.
Kd2 b5 27. Ra8+ Kf7 28. Ra7 Kg6 29. Ra6+ Kh5 30. Rb6 Rf2+ 31. Kc3 Ne4+ 32. Kd4
Nf6 33. Nxb5 Bxb5 34. Rxb5+ Kh6 35. e4 Rxg2 36. e5 Ng8 37. e6 Rxh2 38. Re5 Rxb2
39. e7 Nxe7 40. Rxe7 Rf2 41. Re1 g6 42. Ke3 Rf5 43. Rh1+ Rh5 44. Rg1 g5 45. Rg4
Kg6 46. Ke4 Rh3 47. Rg1 h5 48. Rd1 g4 49. Rd6+ Kg5 50. Rd5+ Kh4 51. Ra5 g3 52.
Kf3 Rh1 53. Ra4+ Kh3 54. Ra5 h4 55. Rg5 Rf1+ 0-1

[Event "?"]
[Site "?"]
[Date "2019.01.06"]
[Round "6.15"]
[White "Ott, Juan Luis"]
[Black "Klinger, Klaus"]
[Result "1/2-1/2"]
[WhiteElo "1304"]
[BlackElo "1696"]
[PlyCount "157"]
[EventDate "2019.??.??"]
[WhiteTeam "Zabo-Eintracht Nürnberg"]
[BlackTeam "Zabo-Eintracht Nürnberg"]

1. Nf3 d5 2. d4 Bf5 3. Bf4 Nd7 4. e3 c6 5. c4 e6 6. a3 c5 7. Nc3 dxc4 8. Bxc4
a6 9. O-O Ngf6 10. d5 b5 11. Ba2 c4 12. dxe6 Bxe6 13. Bb1 Qb6 14. h3 Rd8 15.
Nd4 Nc5 16. Bc2 Bd5 17. Nxd5 Rxd5 18. Qf3 Bd6 19. Rad1 Bxf4 20. Qxf4 Qd6 21.
Qxd6 Rxd6 22. Nf5 Rxd1 23. Rxd1 O-O 24. Rd6 Nfd7 25. Ng3 g6 26. Ne4 Ra8 27.
Nxc5 Nxc5 28. Rd5 Ne6 29. Be4 Ra7 30. Rd6 Nc5 31. Bc2 Kf8 32. Kf1 Ke7 33. Rd2
Rd7 34. Rxd7+ Kxd7 35. g4 h6 36. f4 g5 37. Ke2 f6 38. fxg5 hxg5 39. Kd2 Kd6 40.
Kc3 Kd5 41. b3 cxb3 42. Bxb3+ Ke4 43. Bc2+ Kxe3 44. Kb4 Kd4 45. Bf5 Nb7 46. Bc8
a5+ 47. Kb3 Nc5+ 48. Kc2 Na4 49. Bd7 Kc5 50. Kd3 Nb6 51. Be8 Nd5 52. Ke4 b4 53.
axb4+ axb4 54. Bf7 Ne7 55. Bb3 Nc6 56. Ba2 Kd6 57. Kf5 Ke7 58. Ke4 Na5 59. Bb1
b3 60. Kd3 Kd6 61. Kd4 Kc6 62. Kc3 Kb5 63. Bd3+ Ka4 64. Kb2 Kb4 65. Bf1 Nc4+
66. Kc1 Ne3 67. Bd3 Kc3 68. Be4 Nc4 69. Bf5 b2+ 70. Kb1 Nd2+ 71. Ka2 Nf3 72.
Ka3 Ng1 73. Ka2 Nxh3 74. Ka3 Ng1 75. Ka2 Nf3 76. Ka3 Nd4 77. Be4 Ne2 78. Ka2
Ng3 79. Bb1 1/2-1/2

[Event "?"]
[Site "?"]
[Date "2019.01.06"]
[Round "6.16"]
[White "Barnowski, Roman"]
[Black "Schaller, Michael"]
[Result "1/2-1/2"]
[WhiteElo "1382"]
[BlackElo "1274"]
[PlyCount "43"]
[EventDate "2019.??.??"]
[WhiteTeam "SW Nürnberg Süd"]
[BlackTeam "SW Nürnberg Süd"]

1. Nf3 d5 2. c4 c6 3. cxd5 cxd5 4. Nc3 Nf6 5. d4 e6 6. a3 Nc6 7. Nb5 a6 8. Nc3
Bd6 9. g3 b5 10. Bg2 Ne7 11. O-O Bb7 12. Ne5 Bxe5 13. dxe5 Ng4 14. Qd4 Nh6 15.
Bxh6 gxh6 16. Qd2 Qc7 17. f4 O-O-O 18. Rac1 Qb6+ 19. Kh1 Kb8 20. Qc2 Rc8 21.
Qb3 Nf5 22. Bf3 1/2-1/2

[Event "?"]
[Site "?"]
[Date "2019.01.06"]
[Round "6.17"]
[White "Schiesser, Desider"]
[Black "Lingl, Peter"]
[Result "1-0"]
[WhiteElo "1460"]
[BlackElo "1563"]
[PlyCount "77"]
[EventDate "2019.??.??"]
[WhiteTeam "SW Nürnberg Süd"]
[BlackTeam "SC JÄKLECHEMIE"]

1. e4 e5 2. f4 d5 3. Nf3 dxe4 4. Nxe5 Nf6 5. Bc4 Be6 6. Bxe6 fxe6 7. Nc3 Bc5 8.
Qe2 Qd4 9. Nb5 Qd8 10. a3 O-O 11. g3 a6 12. Nc3 Nbd7 13. Nxe4 Nxe5 14. Nxc5 Qd5
15. Rf1 Nc6 16. Qxe6+ Kh8 17. Qxd5 Nxd5 18. Nxb7 Rae8+ 19. Kf2 Nd4 20. c3 Re2+
21. Kg1 Nf5 22. Rf2 Re1+ 23. Kg2 Nf6 24. Kh3 h5 25. b4 Ng4 26. Rg2 Rf1 27. Bb2
Nf2+ 28. Rxf2 Rxf2 29. Re1 Rf7 30. Nc5 Rxd2 31. Bc1 Rc2 32. Na4 Rd7 33. Nc5 Rd8
34. Nxa6 Rd3 35. Nc5 Rdxc3 36. Re8+ Kh7 37. Ne4 Rb3 38. Ng5+ Kg6 39. Re6# 1-0

[Event "?"]
[Site "?"]
[Date "2019.01.06"]
[Round "7.1"]
[White "Kocak, Ediz"]
[Black "Erlbeck, Peter"]
[Result "0-1"]
[WhiteElo "1817"]
[BlackElo "2061"]
[PlyCount "78"]
[EventDate "2019.??.??"]
[WhiteTeam "SW Nürnberg Süd"]
[BlackTeam "SW Nürnberg Süd"]

1. e4 c5 2. Nf3 Nc6 3. d4 cxd4 4. Nxd4 Nf6 5. Nc3 e6 6. Bg5 Be7 7. Nxc6 bxc6 8.
e5 Nd5 9. Bxe7 Qxe7 10. Qd4 Rb8 11. Ne4 Qb4+ 12. Qxb4 Nxb4 13. Kd2 Ke7 14. a3
Nd5 15. c4 Nf4 16. g3 Ng6 17. b4 Nxe5 18. f4 Ng4 19. c5 Nf6 20. Nd6 Ne8 21. Ne4
f5 22. Ng5 Nc7 23. Bc4 Ba6 24. Bb3 Bc8 25. Bc4 a5 26. bxa5 Ra8 27. Kc3 Rxa5 28.
Kb4 Ra7 29. a4 Ba6 30. Bb3 Rb8+ 31. Kc3 Rab7 32. Rhb1 Nd5+ 33. Kc2 Bd3+ 34.
Kxd3 Rxb3+ 35. Rxb3 Rxb3+ 36. Kc4 Rc3+ 37. Kd4 h6 38. Nh3 d6 39. a5 dxc5+ 0-1

[Event "?"]
[Site "?"]
[Date "2019.01.06"]
[Round "7.2"]
[White "Hahn, Thomas"]
[Black "Petrashov, Alexander"]
[Result "0-1"]
[WhiteElo "1821"]
[BlackElo "1979"]
[PlyCount "50"]
[EventDate "2019.??.??"]
[WhiteTeam "Zabo-Eintracht Nürnberg"]
[BlackTeam "SC Noris-Tarrasch Nürnberg"]

1. e4 e6 2. d4 d5 3. exd5 exd5 4. Bd3 Nf6 5. Bg5 Be7 6. Nf3 Bg4 7. Nbd2 Nc6 8.
c3 Ne4 9. Bxe7 Qxe7 10. Bxe4 dxe4 11. O-O O-O-O 12. Re1 f5 13. Qa4 Qd6 14. Nc4
Qe6 15. Nfe5 Nxe5 16. Nxe5 Kb8 17. Nxg4 fxg4 18. Re3 h5 19. Rae1 Rhe8 20. f3
gxf3 21. gxf3 Qg6+ 22. Kf2 Qd6 23. Rxe4 Qxh2+ 24. Ke3 Rxe4+ 25. Kxe4 Qh4+ 0-1

[Event "?"]
[Site "?"]
[Date "2019.01.06"]
[Round "7.3"]
[White "Walch, Roger"]
[Black "Saathoff, Richard"]
[Result "0-1"]
[WhiteElo "1698"]
[BlackElo "2135"]
[PlyCount "40"]
[EventDate "2019.??.??"]
[WhiteTeam "SW Nürnberg Süd"]
[BlackTeam "SW Nürnberg Süd"]

1. e4 e5 2. Nc3 Nf6 3. Bc4 Nc6 4. Nf3 Nxe4 5. Bxf7+ Kxf7 6. Nxe4 d5 7. Nfg5+
Kg8 8. Qh5 Qd7 9. Ng3 g6 10. Qe2 Nd4 11. Qd1 Qg4 12. Nf3 Nxf3+ 13. gxf3 Qh4 14.
Qe2 Bd6 15. d3 Kg7 16. Bd2 Bd7 17. O-O-O Rhf8 18. Rhg1 Rf7 19. f4 exf4 20. Nh5+
Kf8 0-1

[Event "?"]
[Site "?"]
[Date "2019.01.06"]
[Round "7.4"]
[White "Wagner, Alexander"]
[Black "Birkner, Mattias"]
[Result "1-0"]
[WhiteElo "1884"]
[BlackElo "1890"]
[PlyCount "55"]
[EventDate "2019.??.??"]
[WhiteTeam "SW Nürnberg Süd"]
[BlackTeam "SK Neumarkt"]

1. e4 e5 2. Nf3 Nc6 3. Nc3 Nf6 4. Bb5 Bc5 5. d3 O-O 6. O-O Re8 7. a3 a6 8. Bc4
b5 9. Ba2 h6 10. Be3 Nd4 11. Nd5 d6 12. c3 Ne6 13. b4 Bxe3 14. fxe3 Nh7 15. c4
c6 16. Nc3 Neg5 17. cxb5 Be6 18. bxc6 Qb6 19. Nd5 Qxc6 20. Nxg5 Nxg5 21. h4 Nh7
22. Rc1 Qb7 23. Rc7 Qb8 24. Qh5 Ra7 25. Rfxf7 Rxc7 26. Rxc7 Nf8 27. Nf6+ gxf6
28. Bxe6+ 1-0

[Event "?"]
[Site "?"]
[Date "2019.01.06"]
[Round "7.5"]
[White "Süß, Helmut"]
[Black "Dyroff, Roland"]
[Result "0-1"]
[WhiteElo "1871"]
[BlackElo "1694"]
[PlyCount "70"]
[EventDate "2019.??.??"]
[WhiteTeam "SC Noris-Tarrasch Nürnberg"]
[BlackTeam "SW Nürnberg Süd"]

1. d4 Nf6 2. Bg5 g6 3. Bxf6 exf6 4. e3 d5 5. c4 Be6 6. Nc3 dxc4 7. d5 Bc8 8.
Bxc4 Bg7 9. Nge2 O-O 10. O-O f5 11. Nf4 Be5 12. Re1 Qh4 13. g3 Qe7 14. Nd3 Bxc3
15. bxc3 c6 16. dxc6 Rd8 17. Qe2 Nxc6 18. Rad1 Na5 19. Nf4 Rxd1 20. Rxd1 Nxc4
21. Qxc4 b6 22. Nd5 Qe6 23. Qd4 Bb7 24. Nf6+ Kg7 25. Ng4+ Kf8 26. Ne5 f6 27.
Qd7 Qxd7 28. Rxd7 Be4 29. f3 Bb1 30. Nc6 Bxa2 31. Rxh7 Bd5 32. Rh8+ Bg8 33. Rh4
Kg7 34. Rd4 Rc8 35. Nxa7 Rxc3 0-1

[Event "?"]
[Site "?"]
[Date "2019.01.06"]
[Round "7.8"]
[White "Münzenberg, Dietrich"]
[Black "Pörzgen, Michael"]
[Result "1/2-1/2"]
[WhiteElo "1687"]
[BlackElo "1656"]
[PlyCount "21"]
[EventDate "2019.??.??"]
[WhiteTeam "Zabo-Eintracht Nürnberg"]
[BlackTeam "SW Nürnberg Süd"]

1. d4 Nf6 2. Bg5 Ne4 3. Bf4 d5 4. f3 Nf6 5. Nd2 Nc6 6. c3 Bf5 7. Qb3 Qc8 8. Bg5
e6 9. Bxf6 gxf6 10. e4 dxe4 11. fxe4 1/2-1/2

[Event "?"]
[Site "?"]
[Date "2019.01.06"]
[Round "7.9"]
[White "Bogendörfer, Ralf"]
[Black "Albayrak, Aylin"]
[Result "0-1"]
[WhiteElo "1543"]
[BlackElo "1686"]
[PlyCount "132"]
[EventDate "2019.??.??"]
[WhiteTeam "SC JÄKLECHEMIE"]
[BlackTeam "Zabo-Eintracht Nürnberg"]

1. d4 Nf6 2. c4 d5 3. Nc3 e6 4. Bg5 Be7 5. e3 h6 6. Bf4 c5 7. cxd5 Nxd5 8. Nxd5
Qxd5 9. dxc5 Qxc5 10. Rc1 Qb4+ 11. Qd2 Qxd2+ 12. Kxd2 O-O 13. Bb5 a6 14. Bd3
Nc6 15. Nf3 Rd8 16. Ke2 Nb4 17. Bb1 Bd7 18. Nd4 f6 19. Bc7 Rdc8 20. f3 Nd5 21.
Bg3 e5 22. Nf5 Bc5 23. Bf2 Nb4 24. e4 Bb5+ 25. Ke1 Bf8 26. Rxc8 Rxc8 27. Be3
Nc2+ 28. Kf2 Nxe3 29. Kxe3 g6 30. Ng3 Bc5+ 31. Kd2 Bb4+ 32. Ke3 Rd8 33. a3 Bd2+
34. Kf2 Bf4 35. Ba2+ Kg7 36. Bd5 Rc8 37. Bb3 Bc4 38. Bxc4 Rxc4 39. Re1 Rc2+ 40.
Re2 Rc6 41. b4 Kf7 42. Ra2 h5 43. Ne2 Bh6 44. Ke1 Ke6 45. Kd1 f5 46. exf5+ gxf5
47. Rc2 Rd6+ 48. Ke1 Be3 49. h3 b5 50. Ng3 h4 51. Nf1 Bd4 52. Ke2 f4 53. Nh2
Kd5 54. Ng4 Re6 55. Nf2 Rg6 56. Ng4 Rc6 57. Rxc6 Kxc6 58. Kd3 Bb2 59. Ke4 Kd6
60. Kf5 Bxa3 61. Nxe5 Bxb4 62. Kxf4 Bd2+ 63. Ke4 a5 64. Nd3 a4 65. f4 a3 66.
Kd4 a2 0-1

[Event "?"]
[Site "?"]
[Date "2019.01.06"]
[Round "7.10"]
[White "Dreiseitel, Werner"]
[Black "Nüßlein, Christian"]
[Result "1-0"]
[WhiteElo "1563"]
[BlackElo "1892"]
[PlyCount "43"]
[EventDate "2019.??.??"]
[WhiteTeam "SW Nürnberg Süd"]
[BlackTeam "SGem Nürnberg"]

1. d4 Nf6 2. Bf4 g6 3. Nf3 Bg7 4. c3 O-O 5. Nbd2 d6 6. e4 Nbd7 7. Qc2 b6 8. Be2
Bb7 9. O-O Re8 10. Rad1 Rc8 11. Rfe1 c5 12. e5 Nh5 13. Bg5 cxd4 14. Nxd4 Bxe5
15. N2f3 Bg7 16. Nb5 a6 17. Nxd6 Rc7 18. Nxe8 Qxe8 19. Qb3 h6 20. Be3 b5 21.
Nh4 Nhf6 22. Nxg6 1-0

[Event "?"]
[Site "?"]
[Date "2019.01.06"]
[Round "7.11"]
[White "Merdian, Nick"]
[Black "Majid, Hakim"]
[Result "0-1"]
[WhiteElo "1640"]
[BlackElo "1472"]
[PlyCount "124"]
[EventDate "2019.??.??"]
[WhiteTeam "SC Postbauer-Heng"]
[BlackTeam "SW Nürnberg Süd"]

1. d4 e6 2. c4 b6 3. Nf3 Nc6 4. e3 Be7 5. Be2 Nf6 6. O-O O-O 7. Nc3 Bb7 8. Bd2
d6 9. a3 h6 10. Qc2 Re8 11. Rac1 Rc8 12. h3 Ba6 13. Rfd1 Nb8 14. e4 Bb7 15. Bf4
Nh7 16. Qd2 Nd7 17. Bd3 Ndf6 18. Qe3 Nh5 19. Bh2 Bg5 20. Nxg5 Nxg5 21. Re1 Qe7
22. Be2 Nf6 23. Bd3 Ngh7 24. Rcd1 Nd7 25. Bc2 e5 26. d5 Nc5 27. b4 Na6 28. Nb5
Ra8 29. Nc3 Qh4 30. Bg3 Qf6 31. Bh2 Nb8 32. Nb5 Re7 33. Nc3 Nd7 34. Ne2 a5 35.
b5 Ndf8 36. Ng3 Ng6 37. Nf5 Ree8 38. a4 Bc8 39. Ng3 Qh4 40. Nf1 Nf4 41. Bxf4
exf4 42. Qd3 g6 43. Nd2 Ng5 44. Kh2 Qxf2 45. Rf1 Qh4 46. Rde1 Re5 47. Re2 Bd7
48. Ref2 Qg3+ 49. Qxg3 fxg3+ 50. Kxg3 Rae8 51. h4 Nh7 52. Rxf7 R8e7 53. Rxe7
Rxe7 54. Kf2 Kg7 55. g3 Nf6 56. Kg2 Bg4 57. Rf2 Nd7 58. Rf4 Rf7 59. Rxf7+ Kxf7
60. Nf3 Bxf3+ 61. Kxf3 Kf6 62. Kf4 Ne5 0-1